Nina Dobrev Filmography - Statistics

General Stats
  • This quiz has been taken 23 times
    6 since last reset
  • The average score is 3 of 43
Answer Stats
year movie/ tv % Correct
2006-2009 tv series Degrassi: The Next Generation
60%
2009-2017 tv series The Vampire Diaries
60%
2021 Love Hard
40%
2023 The Outlaws
40%
2018 Dog Days
20%
tv movie 2007 My Daughter's Secret
20%
2007 The Poet
20%
video 2011 Arena
0%
2006 Away from Her
0%
2009 Chloe
0%
2017 Crash Pad
0%
2009 tv movie Degrassi Goes Hollywood
0%
2007- 2008 tv series Degrassi: Minis
0%
2018 Departures
0%
2009 tv series Eleventh Hour
0%
2019 tv series Fam
0%
2011 tv series Family Guy
0%
2017 Flatliners
0%
2007 Fugitive Pieces
0%
2007 How She Move
0%
2014 Let's Be Cops
0%
2019 Lucky day
0%
2019 Lucky Day
0%
tv short 2009 Merry Madagascar
0%
short 2008 Mookie's Law
0%
2008 tv movie Never Cry Wolf
0%
tv movie 2006 Playing House
0%
2022 Redeeming Love
0%
2006 short Repo! The Genetic Opera
0%
tv series 2014 Robot Chicken
0%
2019 Run This Town
0%
2008 tv movie The American Mall
0%
2008 tv series The Border
0%
2015 The Final Girls
0%
tv series 2014 The Originals
0%
2012 The Perks of Being a Wallflower
0%
2011 The Roomate
0%
tv series 2011 The Super Hero Squad Show
0%
2007 Too Young to Marry
0%
video short music 2009 Wade Allain- Marcus & David Baum: You Got That Light
0%
video short extra 2010 When Vampires Don't Suck
0%
2017 tv series Workaholics
0%
2017 xXx: Return of Xander Cage
0%
No matching quizzes found
Score Distribution
Percent of People with Each Score
Percentile by Number Answered
Your Score History
You have not taken this quiz since the last reset